[Event "ROM-ch U12"]
[Site "Calimanesti Caciulata"]
[Date "2019.04.20"]
[Round "7"]
[White "Abrudan, Alexandru"]
[Black "Neagu, Alex Madalin"]
[Result "1-0"]
[WhiteElo "1180"]
[BlackElo "1001"]
[PlyCount "45"]
[EventDate "2019.04.15"]
[EventType "swiss"]
[EventRounds "9"]
[EventCountry "ROU"]
[SourceTitle "CBM 190 Extra"]
[Source "ChessBase"]
[SourceDate "2019.07.15"]
[SourceVersion "1"]
[SourceVersionDate "2019.07.15"]
[SourceQuality "1"]

1. e4 e5 2. Nf3 Nc6 3. Bc4 Nf6 4. d3 h6 5. Nc3 Bc5 6. 0-0 d6 7. h3 Nd4 8. Na4 Nxf3+ 9. Qxf3 Bd4 10. c3 Bd7 11. cxd4 Bxa4 12. b3 Bd7 13. dxe5 dxe5 14. a4 Qe7 15. Ba3 Qd8 16. Rfd1 c6 17. Qg3 Qc7 18. Qxg7 0-0-0 19. Qxf6 Rhg8 20. Qxh6 Rg6 21. Qe3 Rdg8 22. g4 R8g7 23. f3 1-0